[Event "BCF-chT3N 1819 (4NCL)"]
[Site "England"]
[Date "2018.11.11"]
[Round "2.26"]
[White "Kumar, Siddhansh"]
[Black "Dean, Robert A"]
[Result "0-1"]
[WhiteElo "1060"]
[BlackElo "1807"]
[PlyCount "68"]
[EventDate "2018.11.10"]
[EventType "team-swiss"]
[EventRounds "11"]
[EventCountry "ENG"]
[SourceTitle "EXT 2021"]
[Source "ChessBase"]
[SourceDate "2020.10.23"]
[SourceVersion "1"]
[SourceVersionDate "2020.10.23"]
[SourceQuality "1"]
[WhiteTeam "Bolton & Worsley"]
[BlackTeam "Bradford DCA Knights II"]
[WhiteTeamCountry "ENG"]
[BlackTeamCountry "ENG"]

1. e4 e6 2. d4 d5 3. exd5 exd5 4. Qe2+ Be6 5. Nf3 Nc6 6. Bg5 Qd7 7. Nc3 Bb4 8. Qd2 f6 9. Be3 Nge7 10. Bb5 a6 11. Bxc6 Qxc6 12. 0-0 0-0-0 13. Rfe1 Bg4 14. a3 Bd6 15. h3 Bxf3 16. gxf3 Ng6 17. Kf1 Rhe8 18. Ke2 Nh4 19. Qd3 g6 20. Rad1 f5 21. f4 Bxf4 22. Kd2 Nf3+ 23. Kc1 Nxe1 24. Rxe1 Bxe3+ 25. fxe3 f4 26. Qf1 fxe3 27. Qf7 Qd7 28. Qf3 Qf5 29. Qg3 Qf2 30. Qg4+ Kb8 31. Re2 Qf1+ 32. Re1 Qxe1+ 33. Nd1 e2 34. h4 Qxd1# 0-1